[Event "North American op 29th"]
[Site "Las Vegas"]
[Date "2019.12.28"]
[Round "5"]
[White "Niemann, Hans Moke"]
[Black "Lehmann, Spencer G"]
[Result "1-0"]
[WhiteElo "2471"]
[BlackElo "2236"]
[PlyCount "57"]
[EventDate "2019.12.26"]
[EventType "swiss"]
[EventRounds "9"]
[EventCountry "USA"]
[SourceTitle "CBM 194 Extra"]
[Source "ChessBase"]
[SourceDate "2020.03.31"]
[SourceVersion "1"]
[SourceVersionDate "2020.03.31"]
[SourceQuality "1"]

1. Nf3 d5 2. g3 Nf6 3. Bg2 c5 4. c4 d4 5. e3 e6 6. exd4 cxd4 7. 0-0 Nc6 8. d3 Bd6 9. Na3 0-0 10. Nc2 e5 11. b4 Re8 12. Re1 Bg4 13. h3 Bxf3 14. Bxf3 Qd7 15. b5 Nb4 16. Bg2 h6 17. Nxb4 Bxb4 18. Bd2 Bxd2 19. Qxd2 Qc7 20. c5 e4 21. c6 e3 22. fxe3 dxe3 23. Rxe3 Rxe3 24. Qxe3 Re8 25. Qf4 Qb6+ 26. Qf2 Qxb5 27. cxb7 Qxd3 28. Rc1 Qa6 29. Qf5 1-0

[Event "Saint Louis SPICE Cup op 13th"]
[Site "Saint Louis"]
[Date "2019.10.27"]
[Round "9"]
[White "Andersen, Gunnar James"]
[Black "Lehmann, Spencer G"]
[Result "0-1"]
[WhiteElo "2229"]
[BlackElo "2223"]
[PlyCount "56"]
[EventDate "2019.10.22"]
[EventType "swiss"]
[EventRounds "9"]
[EventCountry "USA"]
[SourceTitle "CBM 192 Extra"]
[Source "Chessbase"]
[SourceDate "2019.11.06"]
[SourceVersion "1"]
[SourceVersionDate "2019.11.06"]
[SourceQuality "1"]

1. e4 e6 2. d4 d5 3. Nd2 Nf6 4. Bd3 c5 5. exd5 Qxd5 6. Ngf3 cxd4 7. 0-0 Nc6 8. Bc4 Qd6 9. Nb3 a6 10. Nbxd4 b5 11. Nxc6 Qxc6 12. Bd3 Bb7 13. Re1 Bc5 14. Bg5 Qb6 15. Bh4 Rc8 16. c3 Be7 17. Ne5 g5 18. Bg3 h5 19. h4 gxh4 20. Bxh4 Rg8 21. Be4 Bxe4 22. Rxe4 Qb7 23. Bxf6 Bxf6 24. Qxh5 Rxg2+ 25. Kxg2 Qxe4+ 26. Nf3 Ke7 27. Rd1 Rg8+ 28. Kf1 Qc4+ 0-1

[Event "Saint Louis SPICE Cup op 13th"]
[Site "Saint Louis"]
[Date "2019.10.24"]
[Round "5"]
[White "Slade, Theodore"]
[Black "Lehmann, Spencer G"]
[Result "0-1"]
[WhiteElo "2124"]
[BlackElo "2223"]
[PlyCount "70"]
[EventDate "2019.10.22"]
[EventType "swiss"]
[EventRounds "9"]
[EventCountry "USA"]
[SourceTitle "CBM 192 Extra"]
[Source "Chessbase"]
[SourceDate "2019.11.06"]
[SourceVersion "1"]
[SourceVersionDate "2019.11.06"]
[SourceQuality "1"]

1. d4 e6 2. c4 f5 3. g3 Nf6 4. Bg2 c6 5. Nf3 d5 6. 0-0 Bd6 7. b3 Qe7 8. Bb2 Nbd7 9. Nbd2 0-0 10. Ne5 a5 11. Qc2 a4 12. Ndf3 a3 13. Bc3 Ne4 14. Be1 g5 15. Nd3 Qg7 16. Rd1 g4 17. Nfe5 Ng5 18. Nxd7 Bxd7 19. Bb4 Bxb4 20. Nxb4 f4 21. gxf4 Nh3+ 22. Kh1 Nxf4 23. e3 Nxg2 24. Kxg2 Be8 25. Nd3 Bg6 26. Rg1 Qh6 27. Kf1 Qxh2 28. Qe2 Bxd3 29. Rxd3 h5 30. e4 Rxf2+ 31. Qxf2 Rf8 32. Qxf8+ Kxf8 33. exd5 Qxa2 34. Rg2 Qb1+ 35. Ke2 a2 0-1

[Event "North American op 28th"]
[Site "Las Vegas"]
[Date "2018.12.26"]
[Round "2"]
[White "Lehmann, Spencer G"]
[Black "Becerra Rivero, Julio"]
[Result "1/2-1/2"]
[WhiteElo "2254"]
[BlackElo "2520"]
[PlyCount "77"]
[EventDate "2018.12.26"]
[EventType "swiss"]
[EventRounds "9"]
[EventCountry "USA"]
[SourceTitle "CBM 188 Extra"]
[Source "ChessBase"]
[SourceDate "2019.02.26"]
[SourceVersion "1"]
[SourceVersionDate "2019.02.26"]
[SourceQuality "1"]

1. d4 Nf6 2. c4 g6 3. Nc3 Bg7 4. e4 d6 5. f3 0-0 6. Be3 c5 7. Nge2 Nc6 8. d5 Ne5 9. Ng3 e6 10. Be2 exd5 11. cxd5 a6 12. a4 Rb8 13. 0-0 Bd7 14. a5 b5 15. axb6 Rxb6 16. Ra2 Qb8 17. Qc2 Bc8 18. Nh1 Rb4 19. Nf2 Nc4 20. Bc1 Nd7 21. Ncd1 Ncb6 22. Bd2 Re8 23. Bc3 Na8 24. Bxa6 Bxa6 25. Rxa6 Rb6 26. Rxb6 Naxb6 27. Ne3 Qa7 28. Bxg7 Kxg7 29. Qc3+ f6 30. b3 Ra8 31. Nc4 Nxc4 32. bxc4 Qa2 33. Nh3 Ra4 34. Nf4 Qxc4 35. Ne6+ Kg8 36. Qe3 Nf8 37. Nxf8 Kxf8 38. Qf4 Ke7 39. Qh6 1/2-1/2

[Event "Chicago op 27th"]
[Site "Chicago"]
[Date "2018.05.26"]
[Round "4"]
[White "Mulyar, Michael A"]
[Black "Lehmann, Spencer G"]
[Result "1/2-1/2"]
[WhiteElo "2400"]
[BlackElo "2226"]
[PlyCount "122"]
[EventDate "2018.05.24"]
[EventType "swiss"]
[EventRounds "9"]
[EventCountry "USA"]
[SourceTitle "CBM 184 Extra"]
[Source "ChessBase"]
[SourceDate "2018.06.28"]
[SourceVersion "1"]
[SourceVersionDate "2018.06.28"]
[SourceQuality "1"]

1. d4 Nf6 2. Nf3 d5 3. c4 e6 4. g3 Bb4+ 5. Bd2 Bd6 6. Bg2 0-0 7. 0-0 c6 8. Qb3 Nbd7 9. Bb4 Bxb4 10. Qxb4 a5 11. Qb3 b6 12. Nbd2 Ba6 13. Rfe1 Rc8 14. e4 Nxe4 15. Nxe4 Bxc4 16. Qc2 dxe4 17. Qxc4 exf3 18. Bxf3 Nf6 19. b4 axb4 20. Qxb4 Nd5 21. Qb3 b5 22. a4 bxa4 23. Qxa4 Qf6 24. Bg2 Rfd8 25. Rac1 Ne7 26. Red1 g6 27. Bxc6 Nxc6 28. Rxc6 Rxc6 29. Qxc6 Rxd4 30. Rb1 Kg7 31. Kg2 Qe5 32. Qf3 Qd5 33. h4 Qxf3+ 34. Kxf3 h6 35. Rb7 Rd5 36. Ra7 Rf5+ 37. Kg2 Rb5 38. Rc7 g5 39. hxg5 Rxg5 40. Ra7 Rb5 41. Rc7 Kg6 42. Ra7 Rb4 43. Rc7 h5 44. Kf3 h4 45. gxh4 Rxh4 46. Ra7 Rb4 47. Rc7 f5 48. Rc6 Kf6 49. Ke3 Re4+ 50. Kf3 Rd4 51. Ke3 Rd8 52. Ra6 Ke7 53. f4 Kf6 54. Rb6 Rh8 55. Kf3 Rh3+ 56. Kf2 Ra3 57. Ke2 Kg6 58. Rxe6+ Kh5 59. Re3 Rxe3+ 60. Kxe3 Kg4 61. Ke2 Kxf4 1/2-1/2

[Event "Chicago op 26th"]
[Site "Chicago"]
[Date "2017.05.26"]
[Round "3"]
[White "Aaron, Deepak"]
[Black "Lehmann, Spencer G"]
[Result "1-0"]
[WhiteElo "2320"]
[BlackElo "2137"]
[PlyCount "97"]
[EventDate "2017.05.25"]
[EventType "swiss"]
[EventRounds "9"]
[EventCountry "USA"]
[SourceTitle "CBM 178 Extra"]
[Source "ChessBase"]
[SourceDate "2017.06.22"]
[SourceVersion "1"]
[SourceVersionDate "2017.06.22"]
[SourceQuality "1"]

1. e4 e6 2. d4 d5 3. Nd2 c5 4. exd5 Qxd5 5. Ngf3 cxd4 6. Bc4 Qd6 7. Qe2 Nf6 8. Nb3 Nc6 9. Bg5 Be7 10. 0-0-0 0-0 11. Nbxd4 Nd5 12. h4 Nxd4 13. Rxd4 Qb6 14. Bxe7 Nxe7 15. Bd3 Nf5 16. Rf4 Qa5 17. Kb1 Bd7 18. g4 Ne7 19. Ne5 Bc6 20. Nxc6 bxc6 21. h5 Rab8 22. c4 Rfd8 23. Rc1 Qa3 24. Rf3 Qb4 25. a3 Qd6 26. Rc3 c5 27. Bc2 Nc6 28. Qe4 g6 29. hxg6 fxg6 30. Rf6 Qe5 31. Qxe5 Nxe5 32. Rxe6 Nxg4 33. Bxg6 Rd1+ 34. Ka2 Rd2 35. Rc2 Rxc2 36. Bxc2 Rf8 37. Re7 Rf7 38. Rxf7 Kxf7 39. Bxh7 Nxf2 40. Kb3 Ke7 41. Ka4 Nd1 42. b3 Nc3+ 43. Ka5 Ne2 44. Ka6 Nd4 45. b4 cxb4 46. axb4 Kd6 47. Be4 Ke5 48. Bd5 Nc2 49. b5 1-0

[Event "Chicago op 26th"]
[Site "Chicago"]
[Date "2017.05.25"]
[Round "1"]
[White "Patel, Advait"]
[Black "Lehmann, Spencer G"]
[Result "0-1"]
[WhiteElo "2385"]
[BlackElo "2137"]
[PlyCount "58"]
[EventDate "2017.05.25"]
[EventType "swiss"]
[EventRounds "9"]
[EventCountry "USA"]
[SourceTitle "CBM 178 Extra"]
[Source "ChessBase"]
[SourceDate "2017.06.22"]
[SourceVersion "1"]
[SourceVersionDate "2017.06.22"]
[SourceQuality "1"]

1. e4 e6 2. d4 d5 3. Nc3 Bb4 4. e5 c5 5. a3 Bxc3+ 6. bxc3 Qc7 7. Qg4 f5 8. Qg5 Nc6 9. Nf3 cxd4 10. cxd4 Nge7 11. Bd2 0-0 12. Bd3 Bd7 13. h4 f4 14. Qg4 Nxd4 15. 0-0 Nxf3+ 16. Qxf3 Qxe5 17. Bc3 Qc7 18. Rae1 Ng6 19. Bb4 Rf7 20. Qh5 a5 21. Bd2 e5 22. f3 Re8 23. Rf2 Qb6 24. Bc3 e4 25. fxe4 f3 26. exd5 Rxe1+ 27. Bxe1 Qb1 28. Rf1 fxg2 29. Kxg2 Qxe1 0-1

[Event "PRO League Pacific"]
[Site "Chess.com INT"]
[Date "2017.02.01"]
[Round "4"]
[White "Lehmann, Spencer G"]
[Black "Haessler, Carl A"]
[Result "1-0"]
[WhiteElo "2040"]
[BlackElo "2139"]
[PlyCount "95"]
[EventDate "2017.01.11"]
[EventType "team-swiss (rapid)"]
[EventRounds "7"]
[EventCountry "USA"]
[SourceTitle "CBM 176 Extra"]
[Source "ChessBase"]
[SourceDate "2017.03.02"]
[SourceVersion "1"]
[SourceVersionDate "2017.03.02"]
[SourceQuality "1"]
[WhiteTeam "St Louis Arch Bishops"]
[BlackTeam "Portland Rain"]
[WhiteTeamCountry "USA"]
[BlackTeamCountry "USA"]

1. d4 d5 2. c4 e6 3. Nc3 Nf6 4. cxd5 exd5 5. Bg5 Nbd7 6. e3 Be7 7. Bd3 0-0 8. Nge2 c6 9. Qc2 Re8 10. 0-0 Ne4 11. Bf4 f5 12. Nxd5 Bd6 13. Ndc3 Ndf6 14. Nxe4 fxe4 15. Bc4+ Kh8 16. Rad1 Bg4 17. Bxd6 Qxd6 18. h3 Bh5 19. Rd2 g5 20. Ng3 Bg6 21. d5 Rad8 22. Rfd1 c5 23. Qc3 h5 24. Be2 Kh7 25. Nf1 Re5 26. Qa5 a6 27. Rc1 b5 28. a4 g4 29. h4 bxa4 30. Rxc5 Rxd5 31. Rcxd5 Nxd5 32. Qxa4 Qe7 33. Qxa6 Nf4 34. exf4 Rxd2 35. Nxd2 e3 36. Nf1 exf2+ 37. Kxf2 Qxh4+ 38. g3 Qf6 39. Qb7+ Kh6 40. Qb6 Qf5 41. Qe3 Kh7 42. Qe7+ Kh6 43. Qg5+ Qxg5 44. fxg5+ Kxg5 45. b4 Kf5 46. Bd3+ Kg5 47. Bxg6 Kxg6 48. b5 1-0

[Event "PRO League Pacific"]
[Site "Chess.com INT"]
[Date "2017.02.01"]
[Round "4"]
[White "Raptis, Nick"]
[Black "Lehmann, Spencer G"]
[Result "1-0"]
[WhiteElo "2262"]
[BlackElo "2040"]
[PlyCount "55"]
[EventDate "2017.01.11"]
[EventType "team-swiss (rapid)"]
[EventRounds "7"]
[EventCountry "USA"]
[SourceTitle "CBM 176 Extra"]
[Source "ChessBase"]
[SourceDate "2017.03.02"]
[SourceVersion "1"]
[SourceVersionDate "2017.03.02"]
[SourceQuality "1"]
[WhiteTeam "Portland Rain"]
[BlackTeam "St Louis Arch Bishops"]
[WhiteTeamCountry "USA"]
[BlackTeamCountry "USA"]

1. d4 Nf6 2. Nc3 d5 3. Bg5 c6 4. e3 Nbd7 5. Nf3 Ne4 6. Nxe4 dxe4 7. Nd2 Qa5 8. Bh4 Nf6 9. c3 Bf5 10. Nc4 Qd8 11. Qb3 Qc8 12. h3 Be6 13. Qc2 Bxc4 14. Bxc4 e6 15. Bxf6 gxf6 16. Qxe4 f5 17. Qf3 b5 18. Bb3 c5 19. dxc5 Bxc5 20. 0-0 Rb8 21. Rad1 Rg8 22. e4 Qb7 23. Rfe1 Kf8 24. Qf4 fxe4 25. Rxe4 Rg6 26. Bxe6 Re8 27. Rd7 Qc6 28. Qxf7# 1-0